[Event "European Blitz 2015"]
[Site "Minsk BLR"]
[Date "2015.12.18"]
[Round "3.39"]
[White "Zelenko, Pavel"]
[Black "Kovalev, Vladislav"]
[Result "0-1"]
[BlackTitle "GM"]
[WhiteElo "2164"]
[BlackElo "2546"]
[WhiteFideId "13503952"]
[BlackFideId "13504398"]
[EventDate "2015.12.18"]
[EventType "swiss (blitz)"]

1. d4 Nf6 2. c4 g6 3. Nc3 Bg7 4. e4 d6 5. Nf3 O-O 6. Be2 e5 7. O-O exd4 8. Nxd4
Re8 9. f3 c6 10. Re1 d5 11. exd5 cxd5 12. c5 Nc6 13. Ncb5 Nd7 14. Nxc6 bxc6 15.
Nd6 Re6 16. Nxc8 Rxc8 17. Qc2 Qh4 18. Bd2 Rce8 19. Qd1 Bxb2 20. Rb1 Bd4+ 21. Kh1
Bf2 0-1

[Event "European Blitz 2015"]
[Site "Minsk BLR"]
[Date "2015.12.18"]
[Round "3.40"]
[White "Rozum, Ivan"]
[Black "Vashchilov, Sergey"]
[Result "1-0"]
[WhiteTitle "GM"]
[WhiteElo "2559"]
[BlackElo "2157"]
[WhiteFideId "24104272"]
[BlackFideId "13506676"]
[EventDate "2015.12.18"]
[EventType "swiss (blitz)"]

1. d4 d5 2. c4 e6 3. Nf3 Nf6 4. g3 Bb4+ 5. Bd2 Be7 6. Bg2 O-O 7. O-O c6 8. Qc2
Nbd7 9. Rd1 b6 10. Bf4 Nh5 11. Bc1 Bb7 12. Ne5 Nhf6 13. Nc3 Nxe5 14. dxe5 Nd7
15. cxd5 cxd5 16. e4 Nxe5 17. exd5 exd5 18. Nxd5 Bd6 19. Bf4 Qc8 20. Qxc8 Raxc8
21. Bxe5 Bxe5 22. Ne7+ Kh8 23. Nxc8 Bxc8 24. Rd2 Be6 25. Re1 Bf6 26. Bd5 Bxd5
27. Rxd5 Bxb2 28. Re7 a6 29. Rb7 b5 30. Rd6 Ra8 31. Rxa6 Rc8 32. Rxb5 1-0

[Event "European Blitz 2015"]
[Site "Minsk BLR"]
[Date "2015.12.18"]
[Round "3.41"]
[White "Arshaev, Ajush"]
[Black "Aleksandrov, Aleksej"]
[Result "1/2-1/2"]
[BlackTitle "GM"]
[WhiteElo "2152"]
[BlackElo "2615"]
[WhiteFideId "4107780"]
[BlackFideId "13500139"]
[EventDate "2015.12.18"]
[EventType "swiss (blitz)"]

1. d4 Nf6 2. c4 e6 3. Nf3 d5 4. Bg5 h6 5. Bh4 c5 6. cxd5 exd5 7. Nc3 Be6 8. e3
Nbd7 9. dxc5 Bxc5 10. Nd4 Bb4 11. Nxe6 fxe6 12. Bd3 O-O 13. O-O Bxc3 14. bxc3
Rc8 15. Rc1 Ne5 16. Bb1 Rc4 17. Bg3 Nf7 18. Bd3 Rc8 19. Qb3 Nd6 20. c4 dxc4 21.
Bxc4 Nxc4 22. Rxc4 Qd5 23. Rfc1 Rxc4 24. Rxc4 Ne4 25. Rd4 Qxb3 26. axb3 Rc8 27.
Kf1 Nxg3+ 28. hxg3 Rc7 29. Ke2 Kf7 30. Kd2 Ke7 31. Ra4 b6 32. g4 Kd6 33. Rd4+
Ke7 34. Ra4 a5 35. f4 Rc5 36. g3 Rd5+ 37. Kc2 Kd6 38. Re4 Rc5+ 39. Kd2 Rd5+ 40.
Kc2 b5 41. Kc1 h5 42. gxh5 Rxh5 43. Rd4+ Rd5 44. Re4 g6 45. g4 Rc5+ 46. Kd2 b4
47. g5 e5 48. fxe5+ Rxe5 49. Rf4 Rxg5 50. Rf6+ Ke5 51. Ra6 Ke4 52. Re6+ Kf3 53.
Rf6+ Ke4 54. Re6+ Kf3 55. Rf6+ Kg4 56. Kd3 Kh5 57. e4 Rc5 58. Ra6 Rc3+ 59. Kd4
Rxb3 60. Rxa5+ g5 61. e5 Rb1 62. e6 Kg6 63. Re5 Rd1+ 64. Kc4 Rd8 65. Kxb4 g4 66.
Kc4 Kf6 67. Re4 Kf5 68. e7 Re8 69. Re1 g3 70. Kc5 g2 71. Kd6 Kf4 72. Kd7 Rh8 73.
e8=Q Rxe8 74. Kxe8 Kf3 1/2-1/2

[Event "European Blitz 2015"]
[Site "Minsk BLR"]
[Date "2015.12.18"]
[Round "3.42"]
[White "Mikhalevski, Victor"]
[Black "Belova, Olga"]
[Result "1-0"]
[WhiteTitle "GM"]
[BlackTitle "WFM"]
[WhiteElo "2535"]
[BlackElo "2006"]
[WhiteFideId "2801914"]
[BlackFideId "4138422"]
[EventDate "2015.12.18"]
[EventType "swiss (blitz)"]

1. c4 Nf6 2. g3 c5 3. Bg2 Nc6 4. Nc3 d6 5. Nf3 g6 6. d4 cxd4 7. Nxd4 Nxd4 8.
Qxd4 Bg7 9. O-O O-O 10. Qd3 Rb8 11. Bg5 h6 12. Be3 a6 13. Ba7 Ra8 14. Bd4 Nd7
15. Bxg7 Kxg7 16. Rfd1 Rb8 17. Rac1 Nc5 18. Qd4+ Kh7 19. e4 Ne6 20. Qe3 Bd7 21.
e5 Qc7 22. Nd5 Qd8 23. exd6 exd6 24. Qc3 f5 25. Re1 Qg5 26. Qa3 Bc6 1-0

[Event "European Blitz 2015"]
[Site "Minsk BLR"]
[Date "2015.12.18"]
[Round "3.43"]
[White "Kultiyasov, Mikhail"]
[Black "Milov, Vadim"]
[Result "1-0"]
[BlackTitle "GM"]
[WhiteElo "2273"]
[BlackElo "2615"]
[WhiteFideId "13504100"]
[BlackFideId "1304364"]
[EventDate "2015.12.18"]
[EventType "swiss (blitz)"]

1. e4 c5 2. Nf3 e6 3. d4 cxd4 4. Nxd4 a6 5. Bd3 Bc5 6. Nb3 Be7 7. Qg4 g6 8. Qe2
d6 9. O-O Nf6 10. Bh6 Nc6 11. Na3 b5 12. c4 b4 13. Nc2 Qc7 14. f4 e5 15. fxe5
Ng4 16. Bg7 Rg8 17. Bf6 Ngxe5 18. Ne3 Be6 19. Rac1 Bxf6 20. Rxf6 Qe7 21. Rff1
Qg5 22. Nd5 Kf8 23. c5 Rd8 24. Bxa6 Kg7 25. cxd6 Rxd6 26. Nc5 Bxd5 27. exd5 Rxd5
28. Ne4 Qe7 29. Nf6 Qa7+ 30. Kh1 Rgd8 31. Nxd5 Rxd5 32. Bc4 Rd4 33. Bb3 Qd7 34.
Rxc6 Nxc6 35. Rxf7+ Qxf7 36. Bxf7 Kxf7 37. h3 Rd6 38. a4 bxa3 39. bxa3 Rd5 40.
Qc4 Ne7 41. a4 Ke6 42. a5 Kd6 43. a6 Nc6 44. Qf4+ Kc5 45. Qe3+ Kb5 46. Qb3+ Kc5
47. Qb7 Rd1+ 48. Kh2 Ra1 49. Qxh7 Rxa6 50. Qxg6 Ra5 51. Qf5+ Kd6 52. Qf6+ Kd7
53. h4 Ne7 54. Qd4+ Rd5 55. Qg4+ Ke8 56. g3 Kf7 57. Qf3+ Rf5 58. Qg4 Kf6 59. Kh3
Ng6 60. Kg2 Ne5 61. Qa4 Nf7 62. Qc6+ Kg7 63. Qe4 Re5 64. Qg4+ Kf6 65. Qf4+ Kg7
66. g4 Re6 67. g5 Re5 68. Qf6+ Kg8 69. g6 1-0

[Event "European Blitz 2015"]
[Site "Minsk BLR"]
[Date "2015.12.18"]
[Round "3.44"]
[White "Shtembuliak, Evgeny"]
[Black "Pugachev, Artem"]
[Result "1-0"]
[WhiteTitle "FM"]
[WhiteElo "2420"]
[BlackElo "2215"]
[WhiteFideId "14113325"]
[BlackFideId "24169668"]
[EventDate "2015.12.18"]
[EventType "swiss (blitz)"]

1. Nf3 Nf6 2. g3 b6 3. Bg2 Bb7 4. O-O c5 5. d3 e6 6. e4 d6 7. Nbd2 Nbd7 8. Re1
Be7 9. Nf1 O-O 10. h3 Qc7 11. g4 g6 12. Ng3 Rac8 13. g5 Ne8 14. Nh2 Ng7 15. Ng4
e5 16. f4 exf4 17. Bxf4 Ne6 18. Qd2 c4 19. Be3 cxd3 20. c3 f6 21. gxf6 Nxf6 22.
Nxf6+ Bxf6 23. Qxd3 Be5 24. Ne2 Nc5 25. Qc2 Qe7 26. Rf1 Qh4 27. Rxf8+ Rxf8 28.
b4 Ne6 29. Qb3 Kh8 30. Qxe6 1-0

[Event "European Blitz 2015"]
[Site "Minsk BLR"]
[Date "2015.12.18"]
[Round "3.45"]
[White "Zakhartsov, Vladimir"]
[Black "Savitski, Andrei"]
[Result "0-1"]
[WhiteTitle "IM"]
[WhiteElo "2462"]
[BlackElo "2149"]
[WhiteFideId "4145097"]
[BlackFideId "13506161"]
[EventDate "2015.12.18"]
[EventType "swiss (blitz)"]

1. e4 c6 2. d4 d5 3. Nc3 dxe4 4. Nxe4 Nd7 5. Bc4 Ngf6 6. Ng5 e6 7. Qe2 Nb6 8.
Bd3 h6 9. N5f3 c5 10. dxc5 Bxc5 11. Ne5 O-O 12. Ngf3 Qc7 13. c3 Nbd5 14. O-O b6
15. a3 a5 16. c4 Ne7 17. b3 Bb7 18. Bb2 Rad8 19. Rad1 Nf5 20. Bb1 Rxd1 21. Rxd1
Rd8 22. Rxd8+ Qxd8 23. Qd3 Qe7 24. Nd2 Nh4 25. Nef3 Nxf3+ 26. Nxf3 Be4 27. Bxf6
Bxd3 28. Bxe7 Bxb1 29. Bxc5 bxc5 30. Ne5 Ba2 31. Nc6 a4 32. bxa4 Bxc4 33. a5 Kf8
34. Nb8 Ke7 35. a6 Bd5 36. a7 Kd8 37. Na6 c4 38. Nb4 Bb7 39. f3 Kc7 40. Kf2 Kb6
41. Ke3 e5 42. Na2 Kxa7 43. Nc3 Kb6 44. g3 Kc5 45. Na4+ Kb5 46. Nc3+ Kc5 47.
Na4+ Kd6 48. Nc3 f5 49. f4 g5 50. Nb5+ Kc5 51. Nc3 exf4+ 52. gxf4 g4 53. Ne2 Be4
54. Nc3 Bd3 55. Nd1 h5 56. Nb2 Be4 57. Na4+ Kd5 58. Nc3+ Ke6 59. a4 Bc6 60. a5
h4 61. Ne2 Kd6 62. Nd4 Be4 63. a6 Kc7 0-1

[Event "European Blitz 2015"]
[Site "Minsk BLR"]
[Date "2015.12.18"]
[Round "3.46"]
[White "Potapov, Pavel"]
[Black "Petrova, Irina"]
[Result "1-0"]
[WhiteTitle "IM"]
[BlackTitle "WIM"]
[WhiteElo "2476"]
[BlackElo "2249"]
[WhiteFideId "4169786"]
[BlackFideId "14124122"]
[EventDate "2015.12.18"]
[EventType "swiss (blitz)"]

1. e4 e5 2. Nf3 Nc6 3. Nc3 Nf6 4. d4 exd4 5. Nxd4 Bb4 6. Nxc6 bxc6 7. Bd3 d5 8.
exd5 cxd5 9. O-O O-O 10. h3 c6 11. Qf3 Re8 12. Bf4 Bd6 13. Ne2 Bb7 14. Rad1 Rb8
15. Ng3 c5 16. Nf5 Bxf4 17. Qxf4 Qb6 18. b3 Kh8 19. Nd6 Rf8 20. Rfe1 Rbd8 21.
Nf5 Ne4 22. Bxe4 dxe4 23. Qe5 f6 24. Qe7 Rg8 25. Rxd8 Qxd8 26. Qxb7 a5 27. Qxe4
Qd7 28. Qe6 Qb7 29. Nd6 1-0

[Event "European Blitz 2015"]
[Site "Minsk BLR"]
[Date "2015.12.18"]
[Round "3.47"]
[White "Stetsko, Lanita"]
[Black "Sharafiev, Azat"]
[Result "0-1"]
[WhiteTitle "FM"]
[BlackTitle "IM"]
[WhiteElo "2257"]
[BlackElo "2420"]
[WhiteFideId "13505300"]
[BlackFideId "4186214"]
[EventDate "2015.12.18"]
[EventType "swiss (blitz)"]

1. e4 c5 2. Nf3 d6 3. d4 cxd4 4. Nxd4 Nf6 5. Nc3 a6 6. Be3 Nbd7 7. Be2 g6 8. O-O
Bg7 9. f4 O-O 10. Bf3 e5 11. Nb3 exf4 12. Bxf4 Ne5 13. Rb1 Re8 14. Bg5 Qb6+ 15.
Kh1 Be6 16. Bxf6 Bxf6 17. Nd5 Bxd5 18. Qxd5 Rac8 19. c3 Nc4 20. Qd3 Qe3 21. Qxe3
Nxe3 22. Rfe1 Nc4 23. Red1 Kf8 24. Rd5 Ke7 25. Kg1 Be5 26. Kf2 h5 27. h3 b5 28.
Ke2 Red8 29. Nd2 Nxd2 30. Kxd2 Rb8 31. Kd3 Rdc8 32. a4 bxa4 33. Ra5 Bxc3 34.
Rxa4 a5 35. Rc1 Bb4 36. Raa1 Rxc1 37. Rxc1 Bc5 38. Rc2 Rb3+ 39. Kc4 Rb4+ 40. Kd5
Kd7 41. Rd2 Be3 42. Rd3 Bg1 43. b3 Rb5+ 0-1

[Event "European Blitz 2015"]
[Site "Minsk BLR"]
[Date "2015.12.18"]
[Round "3.48"]
[White "Stupak, Kirill"]
[Black "Leinov, Roman"]
[Result "1-0"]
[WhiteTitle "GM"]
[WhiteElo "2542"]
[BlackElo "2129"]
[WhiteFideId "13503758"]
[BlackFideId "13504649"]
[EventDate "2015.12.18"]
[EventType "swiss (blitz)"]

1. d4 Nf6 2. g3 d5 3. Bg2 c6 4. Nf3 Bf5 5. O-O e6 6. c4 h6 7. Nc3 Nbd7 8. Qb3
Qb6 9. c5 Qxb3 10. axb3 a6 11. b4 Rc8 12. Nd2 Be7 13. Nb3 g5 14. Na5 Rb8 15. h4
Ne4 16. hxg5 hxg5 17. Nxe4 Bxe4 18. f3 Bg6 19. Bd2 f6 20. Kf2 Kf7 21. Rh1 Rxh1
22. Rxh1 Kg7 23. e4 Bd8 24. Nb3 Bc7 25. Bh3 Rh8 26. exd5 exd5 27. Kg2 Nf8 28.
Re1 Kf7 29. Bc8 Bc2 30. Na1 Bd3 31. Bxb7 Bb5 32. Bc8 Ng6 33. Be6+ Kg7 34. Bf5
Kf7 35. Nb3 Ne7 36. Be6+ Kf8 37. Bc1 Rg8 38. Bxg8 Nxg8 39. Nd2 Ne7 40. g4 Ng6
41. Nf1 Nf4+ 42. Bxf4 Bxf4 43. Ne3 Kf7 44. Nf5 Bd2 45. Re7+ Kf8 46. Rc7 Bxb4 47.
Nd6 1-0

[Event "European Blitz 2015"]
[Site "Minsk BLR"]
[Date "2015.12.18"]
[Round "3.49"]
[White "Kul, Ivan"]
[Black "Harutjunyan, Gevorg"]
[Result "0-1"]
[BlackTitle "GM"]
[WhiteElo "2208"]
[BlackElo "2436"]
[WhiteFideId "13504207"]
[BlackFideId "13300873"]
[EventDate "2015.12.18"]
[EventType "swiss (blitz)"]

1. e4 c6 2. d4 d5 3. e5 Bf5 4. Nf3 e6 5. Be2 Nd7 6. O-O h6 7. a4 Ne7 8. Nbd2 Bh7
9. a5 a6 10. Nb3 Nf5 11. c3 Be7 12. Bd3 c5 13. dxc5 Nxc5 14. Nxc5 Bxc5 15. Qc2
Bg6 16. Rd1 O-O 17. Qa4 Rc8 18. Qf4 Ba7 19. Bxf5 Bxf5 20. Be3 Bb8 21. Qb4 Qd7
22. Nd4 Bg6 23. f4 Rc4 24. Qa3 f6 25. exf6 Rxf6 26. Rf1 e5 27. fxe5 Bxe5 28. Nf3
Bd6 29. Qb3 Kh7 30. Rad1 Qe6 31. Bd4 Rf7 32. Rd2 Qg4 33. Qd1 Qh5 34. Ne5 Rxf1+
35. Kxf1 Qxh2 36. Nxg6 Qh1+ 37. Kf2 Qxd1 38. Rxd1 Kxg6 39. Kf3 Kf5 40. Re1 Rc7
41. Re8 Rf7 42. Ke3 Bf4+ 43. Ke2 Bg5 44. Rc8 Kg4 45. Rc5 Rd7 46. Rc8 Kg3 47. Rg8
Re7+ 48. Kd3 Kxg2 49. Bxg7 Kf3 50. Bd4 Kg4 51. Rh8 h5 52. Rg8 Re6 53. Bf2 h4 54.
Kd4 h3 55. Rh8 Rh6 56. Rxh6 Bxh6 57. Bg1 Kg3 58. Kxd5 Kg2 0-1

[Event "European Blitz 2015"]
[Site "Minsk BLR"]
[Date "2015.12.18"]
[Round "4.3"]
[White "Andrejevs, Arvids"]
[Black "Smirin, Ilia"]
[Result "0-1"]
[BlackTitle "GM"]
[WhiteElo "2275"]
[BlackElo "2658"]
[WhiteFideId "11602708"]
[BlackFideId "2801990"]
[EventDate "2015.12.18"]
[EventType "swiss (blitz)"]

1. e4 c5 2. c3 d6 3. d4 Nf6 4. Bd3 cxd4 5. cxd4 g6 6. Nc3 Bg7 7. h3 O-O 8. Nf3
Nc6 9. O-O Nd7 10. Be3 Nb6 11. Rc1 Bd7 12. Qd2 Re8 13. Rfd1 Rc8 14. e5 dxe5 15.
dxe5 Nxe5 16. Nxe5 Bxe5 17. Be4 Bc6 18. Qe2 Qc7 19. Bxb6 axb6 20. Nd5 Qb8 21.
Nxb6 Bh2+ 22. Kh1 Bf4 23. Nxc8 Bxc1 24. Bxc6 Rxc8 25. Rxc1 bxc6 26. b3 e6 27.
Qa6 c5 28. Rd1 Qc7 29. Qd6 Qa5 30. Qd2 Qa3 31. Qc2 Qb4 32. Rd7 c4 33. bxc4 Rxc4
34. Qd2 Qc5 35. Rd8+ Kg7 36. Qb2+ e5 37. Re8 Rd4 38. Qe2 f6 39. Rb8 Qc1+ 40. Kh2
Rd1 41. Rb7+ Kf8 42. Rb8+ Ke7 43. Rb7+ Kd8 44. f3 Qf4+ 45. g3 Qc1 46. Qf2 Rd2 0-1

[Event "European Blitz 2015"]
[Site "Minsk BLR"]
[Date "2015.12.18"]
[Round "4.6"]
[White "Melkumyan, Hrant"]
[Black "Chekhova-Kostina, Tatiana M"]
[Result "1-0"]
[WhiteTitle "GM"]
[BlackTitle "WIM"]
[WhiteElo "2654"]
[BlackElo "2246"]
[WhiteFideId "13302485"]
[BlackFideId "4106377"]
[EventDate "2015.12.18"]
[EventType "swiss (blitz)"]

1. e4 Nf6 2. Nc3 d5 3. e5 Nfd7 4. d4 c5 5. Nf3 Nc6 6. Nxd5 cxd4 7. Nxd4 Ndxe5 8.
Nxc6 Nxc6 9. c3 e6 10. Nf4 Qxd1+ 11. Kxd1 e5 12. Nd5 Bd6 13. Bc4 Be6 14. Ne3 Ke7
15. Ke2 a6 16. g4 Rad8 17. Nf5+ Bxf5 18. gxf5 Kf6 19. Rg1 h6 20. Be3 b5 21. Bd3
Ne7 22. Rad1 Rhg8 23. Rd2 Nxf5 24. Bxf5 Kxf5 25. Bb6 Rd7 26. Rgd1 Ke6 27. Bc7
Rxc7 28. Rxd6+ 1-0

[Event "European Blitz 2015"]
[Site "Minsk BLR"]
[Date "2015.12.18"]
[Round "4.7"]
[White "Reshetnikov, Evgeny"]
[Black "Bortnyk, Olexandr"]
[Result "0-1"]
[WhiteTitle "FM"]
[BlackTitle "GM"]
[WhiteElo "2296"]
[BlackElo "2552"]
[WhiteFideId "4138210"]
[BlackFideId "14120828"]
[EventDate "2015.12.18"]
[EventType "swiss (blitz)"]

1. d4 d6 2. c4 e5 3. dxe5 dxe5 4. Qxd8+ Kxd8 5. Nc3 Be6 6. b3 Ne7 7. Bb2 Nbc6 8.
O-O-O+ Kc8 9. e3 a5 10. Nf3 f6 11. Bd3 Nb4 12. Be4 Nec6 13. a3 Na6 14. Bd5 Bf5
15. Be4 Be6 16. Bd5 Bd7 17. Nd2 Nc5 18. Nce4 Nd3+ 19. Kc2 Nxb2 20. Kxb2 Ne7 21.
Bf7 Nc6 22. Nb1 Nd8 23. Bh5 Be7 24. Nbc3 f5 25. Nd5 Bf8 26. Ng5 g6 27. Nf6 Bc6
28. Bf3 e4 29. Be2 Bg7 30. Rxd8+ Rxd8 0-1

[Event "European Blitz 2015"]
[Site "Minsk BLR"]
[Date "2015.12.18"]
[Round "4.10"]
[White "Ponkratov, Pavel"]
[Black "Pastukhov, Igor"]
[Result "1-0"]
[WhiteTitle "GM"]
[WhiteElo "2604"]
[BlackElo "2230"]
[WhiteFideId "4157800"]
[BlackFideId "14104504"]
[EventDate "2015.12.18"]
[EventType "swiss (blitz)"]

1. e4 e5 2. Nf3 Nc6 3. Bc4 Bc5 4. O-O Nf6 5. d4 exd4 6. e5 d5 7. exf6 dxc4 8.
Re1+ Be6 9. fxg7 Rg8 10. Bg5 Qd7 11. Nbd2 Rxg7 12. Ne4 Be7 13. Nf6+ Bxf6 14.
Bxf6 Rg6 15. Bh4 Kf8 16. Re4 Bd5 17. Rf4 Re8 18. Bg3 Be6 19. Nxd4 Nxd4 20. Rxd4
Qc6 21. Qd2 Kg7 22. Re1 Bf5 23. h3 b5 24. Rxe8 Qxe8 25. Rd5 Qe4 26. Rxb5 Re6 27.
Rc5 Qe1+ 28. Qxe1 Rxe1+ 29. Kh2 Re2 30. Rxf5 1-0

[Event "European Blitz 2015"]
[Site "Minsk BLR"]
[Date "2015.12.18"]
[Round "4.11"]
[White "Sotsky, Alexander"]
[Black "Guseinov, Gadir"]
[Result "1-0"]
[WhiteTitle "IM"]
[BlackTitle "GM"]
[WhiteElo "2363"]
[BlackElo "2646"]
[WhiteFideId "4130715"]
[BlackFideId "13401378"]
[EventDate "2015.12.18"]
[EventType "swiss (blitz)"]

1. d4 Nf6 2. Bg5 e6 3. e3 b6 4. f4 Bb7 5. Nf3 Be7 6. Bd3 h6 7. Bxf6 gxf6 8. Nbd2
f5 9. Qe2 c5 10. c3 d5 11. Ne5 Nc6 12. Bb5 Rc8 13. Qh5 Rh7 14. Ndf3 Bf6 15. g4
fxg4 16. Qxg4 Rg7 17. Qh5 Ke7 18. Bxc6 Bxc6 19. O-O-O Qh8 20. Rhg1 Be8 21. Rxg7
Qxg7 22. Rg1 Qh7 23. Ng4 Bg7 24. Qh4+ Kf8 25. Kd2 cxd4 26. exd4 Qe4 27. Qg3 Qh7
28. Nfe5 b5 29. a3 a5 30. Rf1 b4 31. axb4 axb4 32. f5 bxc3+ 33. bxc3 exf5 34.
Ne3 Ra8 35. Rxf5 Kg8 36. N5g4 Kh8 37. Qf3 Ra2+ 38. Ke1 Ra6 39. Qxd5 Re6 40. Kf2
Qg6 41. h3 Re7 42. Ne5 Qb6 43. Nxf7+ Bxf7 44. Rxf7 Qb2+ 45. Kf3 Rxf7+ 46. Qxf7
Qxc3 47. Qe8+ Kh7 48. Qe4+ Kh8 49. d5 Qf6+ 50. Qf5 Qd4 51. Qe6 Qd3 52. d6 Qb1
53. d7 Qh1+ 54. Ke2 Qh2+ 55. Kd3 1-0

[Event "European Blitz 2015"]
[Site "Minsk BLR"]
[Date "2015.12.18"]
[Round "4.12"]
[White "Zubov, Alexander"]
[Black "Pletnev, Evgeniy"]
[Result "1-0"]
[WhiteTitle "GM"]
[WhiteElo "2601"]
[BlackElo "2235"]
[WhiteFideId "14109409"]
[BlackFideId "24104140"]
[EventDate "2015.12.18"]
[EventType "swiss (blitz)"]

1. d4 f5 2. c4 Nf6 3. Nc3 d6 4. Bf4 g6 5. e3 Bg7 6. Nf3 O-O 7. c5 Nh5 8. h4 Nc6
9. Bc4+ e6 10. Qc2 Nxf4 11. exf4 Nxd4 12. Nxd4 Bxd4 13. cxd6 Qxd6 14. O-O-O
Qxf4+ 15. Kb1 Bxf2 16. Nb5 Bb6 17. Qb3 a6 18. Nc3 Kg7 19. h5 g5 20. h6+ Kg6 21.
Bxe6 Bxe6 22. Qxe6+ Rf6 23. Qe2 g4 24. Rd7 Rg8 25. Nd5 Qe4+ 26. Qxe4 fxe4 27.
Ne7+ Kf7 28. Nxg8+ Kxg8 29. Rg7+ Kf8 30. Rxh7 e3 31. Kc2 e2 32. Re1 Re6 33. Kd3
Re3+ 34. Kd2 Re6 35. Rxe2 1-0

[Event "European Blitz 2015"]
[Site "Minsk BLR"]
[Date "2015.12.18"]
[Round "4.13"]
[White "Shaydullina, Sandugach"]
[Black "Bocharov, Dmitry"]
[Result "0-1"]
[WhiteTitle "WGM"]
[BlackTitle "GM"]
[WhiteElo "2134"]
[BlackElo "2558"]
[WhiteFideId "4140389"]
[BlackFideId "4138716"]
[EventDate "2015.12.18"]
[EventType "swiss (blitz)"]

1. d4 g6 2. e4 Bg7 3. Nc3 d6 4. Bg5 a6 5. a4 h6 6. Be3 Nf6 7. h3 Nbd7 8. Qd2 b6
9. Nf3 Bb7 10. Bd3 c5 11. d5 Qc7 12. b3 g5 13. O-O g4 14. Nh4 gxh3 15. Nf5 Bf8
16. Nxh6 Ne5 17. Be2 hxg2 18. Kxg2 Bxh6 19. Bxh6 Rg8+ 20. Kh1 Qd7 21. Bf4 Qh3+
22. Bh2 Qg2# 0-1

[Event "European Blitz 2015"]
[Site "Minsk BLR"]
[Date "2015.12.18"]
[Round "4.14"]
[White "Movsesian, Sergei"]
[Black "Kolesnik, Eduard"]
[Result "1-0"]
[WhiteTitle "GM"]
[BlackTitle "IM"]
[WhiteElo "2659"]
[BlackElo "2269"]
[WhiteFideId "310204"]
[BlackFideId "13501062"]
[EventDate "2015.12.18"]
[EventType "swiss (blitz)"]

1. e4 e5 2. Nf3 Nc6 3. Bb5 a6 4. Ba4 b5 5. Bb3 Bb7 6. O-O Nf6 7. d3 Be7 8. a4 d6
9. Nc3 Na5 10. Ba2 b4 11. Ne2 c5 12. Ng3 O-O 13. Nf5 Bc8 14. N3h4 d5 15. exd5
Nxd5 16. Bxd5 Bxh4 17. Nh6+ gxh6 18. Bxa8 Be6 19. Bf3 f5 20. Bxh6 Rf6 21. Be3
Qd6 22. g3 f4 23. gxh4 fxe3 24. fxe3 Bh3 25. Rf2 Nc6 26. Qe2 e4 27. Bxe4 Ne5 28.
Rxf6 Qxf6 29. Qf2 Qg7+ 30. Qg3 1-0

[Event "European Blitz 2015"]
[Site "Minsk BLR"]
[Date "2015.12.18"]
[Round "4.15"]
[White "Nikitenko, Mihail"]
[Black "Short, Nigel D"]
[Result "1-0"]
[BlackTitle "GM"]
[WhiteElo "2396"]
[BlackElo "2684"]
[WhiteFideId "13506862"]
[BlackFideId "400025"]
[EventDate "2015.12.18"]
[EventType "swiss (blitz)"]

1. e4 e6 2. d4 d5 3. Nd2 h6 4. Ngf3 Nf6 5. e5 Nfd7 6. Be2 c5 7. c3 Nc6 8. a3 a5
9. O-O Qb6 10. Qa4 Be7 11. b4 cxd4 12. b5 dxc3 13. bxc6 cxd2 14. cxb7 Bxb7 15.
Bxd2 Bc6 16. Qg4 g6 17. Rfc1 Rc8 18. Rab1 Qa7 19. Bb5 Qa8 20. Qa4 Bxb5 21. Qxb5
Rxc1+ 22. Rxc1 Qb8 23. Qxb8+ Nxb8 24. Rc8+ Kd7 25. Rxh8 Nc6 26. a4 g5 27. Rxh6
g4 28. Ng5 Nxe5 29. Rh7 Nc4 30. Bc1 d4 31. Rxf7 d3 32. Ne4 e5 33. Nd2 Nxd2 34.
Bxd2 Ke6 35. Rh7 Bb4 36. Bxb4 axb4 37. Kf1 Kd5 1-0

[Event "European Blitz 2015"]
[Site "Minsk BLR"]
[Date "2015.12.18"]
[Round "4.18"]
[White "Grachev, Boris"]
[Black "Sudakova, Irina"]
[Result "1-0"]
[WhiteTitle "GM"]
[BlackTitle "WGM"]
[WhiteElo "2652"]
[BlackElo "2356"]
[WhiteFideId "4129199"]
[BlackFideId "4129903"]
[EventDate "2015.12.18"]
[EventType "swiss (blitz)"]

1. d4 d5 2. Bf4 Nf6 3. e3 c6 4. c4 Bf5 5. Nc3 Nbd7 6. Qb3 Qb6 7. c5 Qxb3 8. axb3
Nh5 9. Bc7 a6 10. h3 Bc2 11. b4 Rc8 12. Bh2 e6 13. Be2 Nhf6 14. Nf3 h6 15. O-O
g5 16. Rfc1 Bh7 17. Nd2 Bg7 18. Nb3 Ne4 19. Na5 e5 20. Nxb7 exd4 21. Nxe4 dxe4
22. Nd6+ Ke7 23. Nxc8+ Rxc8 24. Bxa6 1-0

[Event "European Blitz 2015"]
[Site "Minsk BLR"]
[Date "2015.12.18"]
[Round "4.21"]
[White "Ragger, Markus"]
[Black "Masliakov, Mikhail"]
[Result "1-0"]
[WhiteTitle "GM"]
[WhiteElo "2687"]
[BlackElo "2195"]
[WhiteFideId "1610856"]
[BlackFideId "13503170"]
[EventDate "2015.12.18"]
[EventType "swiss (blitz)"]

1. d4 d6 2. Nf3 Nd7 3. c4 g6 4. Nc3 Bg7 5. e4 e5 6. Be2 Ngf6 7. O-O O-O 8. Be3
c6 9. d5 Qe7 10. dxc6 bxc6 11. Qd2 Rd8 12. Rfd1 Nf8 13. b4 Bb7 14. Qc2 a5 15.
bxa5 d5 16. cxd5 cxd5 17. Nxd5 Nxd5 18. exd5 Rxd5 19. Rxd5 Bxd5 20. a6 Bxf3 21.
gxf3 Ne6 22. Qc6 Qf8 23. Rb1 Nd4 24. Bxd4 exd4 25. Bc4 Rc8 26. Qd5 Rd8 27. a7 d3
28. Qxd8 Qxd8 29. Rb8 1-0

[Event "European Blitz 2015"]
[Site "Minsk BLR"]
[Date "2015.12.18"]
[Round "4.22"]
[White "Shpagin, Vlas"]
[Black "Popov, Ivan RUS"]
[Result "0-1"]
[WhiteTitle "FM"]
[BlackTitle "GM"]
[WhiteElo "2313"]
[BlackElo "2650"]
[WhiteFideId "4166795"]
[BlackFideId "4170350"]
[EventDate "2015.12.18"]
[EventType "swiss (blitz)"]

1. d4 Nf6 2. Bg5 c5 3. Nc3 cxd4 4. Qxd4 Nc6 5. Qh4 e6 6. e4 Bb4 7. Ne2 h6 8.
Bxf6 Qxf6 9. Qxf6 gxf6 10. O-O-O a6 11. Na4 Ba5 12. f4 b5 13. Nac3 Bb7 14. g3
Ke7 15. Bg2 Rac8 16. a3 d6 17. Rd3 Bb6 18. Rhd1 Rhd8 19. Kb1 Na5 20. b3 Nc6 21.
Nc1 Bc5 22. b4 Bb6 23. Nb3 Nb8 24. Kb2 Rc4 25. Re1 Rdc8 26. Red1 Rd8 27. Bf3 Rc7
28. Nd4 Nc6 29. Nxc6+ Bxc6 30. Re1 Bb7 31. Red1 Ba7 32. Kb3 Rdc8 33. Bh1 Bd4 34.
Ne2 Ba7 35. c3 Rd8 36. Kb2 Rc4 37. Nd4 h5 38. Bf3 h4 39. Be2 Rc7 40. Kb3 Rh8 41.
g4 Bxe4 42. Re3 Bd5+ 43. Kb2 Kd7 44. h3 Rhc8 45. Nb3 Bxe3 46. Bf1 0-1